Socioogie et contestation
Guardat en:
| Autor principal: | |
|---|---|
| Format: | Llibre |
| Idioma: | Undetermined |
| Publicat: |
Paris
Gallimard
1969
|
| Matèries: | |
| Etiquetes: |
Afegir etiqueta
Sense etiquetes, Sigues el primer a etiquetar aquest registre!
|
| Thư viện lưu trữ: | Trung tâm Học liệu Trường Đại học Cần Thơ |
|---|
| LEADER | 00467nam a2200181Ia 4500 | ||
|---|---|---|---|
| 001 | CTU_89848 | ||
| 008 | 210402s9999 xx 000 0 und d | ||
| 082 | |a 301.1 | ||
| 082 | |b Z66 | ||
| 100 | |a Ziegler, Jean | ||
| 245 | 0 | |a Socioogie et contestation | |
| 245 | 0 | |c Jean Ziegler | |
| 260 | |a Paris | ||
| 260 | |b Gallimard | ||
| 260 | |c 1969 | ||
| 650 | |a Sociology,Primitive societies | ||
| 904 | |i Mai Loan | ||
| 980 | |a Trung tâm Học liệu Trường Đại học Cần Thơ | ||